000 00768nam a2200241Ia 4500
005 20241016102815.0
008 210716s2008 xx 000 0 und d
020 _a9788189866822
040 _cAIMIT LIBRARY
041 _aeng
082 _a005.73
_21
_bMUNV
100 _aMuniswamy, V V.
_944201
245 _aData structures through java /
_cBy V. V. Munuswamy.
250 _a1st ed.
260 _aNew Delhi :
_bI K International Publishing House Pvt Ltd. ,
_c2008 .
300 _axiv, 394p. ;
_c24 cm.
650 _aPackages and interfaces
_944202
650 _aException handling
_9182476
650 _aMulti threading
_9182477
650 _aHeaps and priority queues
_9182478
650 _aHashing and graphs
_944203
942 _2ddc
_cBK
_e1st
_k005.73 MUNV
999 _c188521
_d188521